000 00873nam a2200277Ia 4500
003 OSt
005 20220105172826.0
008 210716s2013 xx 000 0 und d
020 _a9780415583367
040 _cAIMIT LIBRARY
041 _aeng
082 _a001.42
_27
_bCOHL
100 _aCohen, Louis.
_912547
245 _aResearch Methods in Education.
_cby Louis Cohen, Lawrence Manion and Keith Morrison.
250 _a7th. ed . -
260 _aNew York :
_bRoutledge,
_c2013.
300 _axxii,758p. ; 24 cm.
650 _aResearch Methods.
_912548
650 _aSocial Research.
_912551
650 _aPlanning Educational Research.
_912552
650 _aData Collection.
_912553
650 _aVisual Media in Educational Research.
_912554
700 _aManion, Lawrence.
_912549
700 _aMorrison, Keith.
_912550
942 _2ddc
_cBK
_e7th
_k001.42COHL
999 _c208553
_d208553